Problemas de la transición al socialismo
সংরক্ষণ করুন:
| প্রধান লেখক: | |
|---|---|
| বিন্যাস: | পাঠ্য |
| প্রকাশিত: |
Barcelona:
Grijalbo
|
| ট্যাগগুলো: |
ট্যাগ যুক্ত করুন
কোনো ট্যাগ নেই, প্রথমজন হিসাবে ট্যাগ করুন!
|
MARC
| LEADER | 00000 a a2200000 04500 | ||
|---|---|---|---|
| 001 | 24905 | ||
| 003 | |||
| 040 | |||
| 020 | |a 84-7423-082-9 | ||
| 090 | |a 175500 | ||
| 100 | |a Cerroni, Umberto | ||
| 245 | |a Problemas de la transición al socialismo | ||
| 260 | |a Barcelona: |b Grijalbo | ||
| 300 | |a 212 p. | ||
| 999 | |c 946 |d 946 | ||



